1165 1259 1286 1267 1830 1998 1039 1164 1902 1168 1568 1211 1711 1355 1425 1138 1739 1508 1268 1064 1717 1670 1787 1592 1839 1804 1945 1894 1430 1487 1832 1445 1023 1595 1729 1390 1721 1202 1894 1195 1554 1137 1014 1153 1280 1300 1265 1682 1698 1582 1936 1873 1031 1163 1868 1657 1357 1921 1826 1816 1714 1218 1861 1268 1177 1986 1822 1770 1932 1779 1290 1222 1229 1019 1215 1161 1951 1909 1279 1370 1027 1570 1212 1703 1271 1945 1917 1210 1308 1201 1063 1453 1742 1826 1539 1478 1550 1416 1387 BCNSPRNW ULIB Ver.6.0+V

เปลี่ยนเป็นภาษาไทย

Change to English
 แสดงรายละเอียดบรรณานุกรม
  กลับหน้าหลัก

Brief Record : Get Marc (ISO 2709) : E-mail record : QR code < ปิดหน้าต่าง
LEADER : 00000nam 2200000uu 4500
001    13399123315
003     ULIB
008    140820s2544||||th 000 0 tha d
100 0  พัชราพร เถาว์พันธุ์
245 00 ผลของโปรแกรมการฟื้นฟูสมรรถภาพ....
945    ^p0^l0^i023363
999    ^aเกษร โพธิ์สุวรรณ
รายการนี้ยังไม่มีแท็ก
คุณยังไม่ได้ล็อกอิน คุณสามารถมีกิจกรรมร่วมกับเว็บไซต์ได้ แต่ต้องล็อกอินก่อน ::
  ล็อกอิน

รายการสื่อสารสนเทศ

ลำดับที่ ประเภท เลขเรียก/บาร์โค้ด สถานที่ สถานะ
1. งานวิจัย
งานวิจัย
 ฉ.1 
  Barcode: 023363
ห้องสมุดวิทยาเขตสวรรค์ประชารักษ์
►วิจัย
บนชั้น

BibComment


ยังไม่เคยถูกคอมเมนท์

คอมเมนท์ทรัพยากรรายการนี้
  คอมเมนท์: ผลของโปรแกรมการฟื..


 Copyright 2026. Bcnsprnw @Library